[Event "First Saturday 2008 szeptember GM"]
[Site "Budapest"]
[Date "2008.09.06"]
[Round "1"]
[White "Kosic, Dragan"]
[Black "Grafl, Florian"]
[Result "1-0"]
[WhiteElo "2516"]
[BlackElo "2404"]
[PlyCount "35"]
[EventDate "2008.09.06"]

1. d4 f5 2. g3 Nf6 3. Bg2 g6 4. Nf3 Bg7 5. b3 O-O 6. Bb2 d6 7. O-O Qe8 8. c4
Na6 9. Nbd2 Rb8 10. a4 c6 11. h3 b5 12. axb5 cxb5 13. Ra5 h6 14. Qa1 Rb6 15.
Rb1 Qf7 16. cxb5 Nc7 17. Rxa7 Nxb5 18. Ra5 1-0

[Event "First Saturday 2008 szeptember GM"]
[Site "Budapest"]
[Date "2008.09.06"]
[Round "1"]
[White "Szalanczy, Emil"]
[Black "Nguyen, Huynh M.H"]
[Result "1/2-1/2"]
[WhiteElo "2388"]
[BlackElo "2477"]
[PlyCount "110"]
[EventDate "2008.09.06"]

1. e4 c5 2. Nf3 d6 3. d4 cxd4 4. Nxd4 Nf6 5. Nc3 a6 6. Be3 e5 7. Nde2 Be6 8. f3
Be7 9. Nd5 Bxd5 10. exd5 Qa5+ 11. Nc3 Nbd7 12. Qd2 b5 13. a3 O-O 14. Rd1 Bd8
15. Bd3 Bb6 16. Qe2 Bxe3 17. Qxe3 b4 18. axb4 Qxb4 19. Ra1 Nc5 20. Ra2 e4 21.
fxe4 Rae8 22. Kd1 Nfxe4 23. Bxe4 Nxe4 24. Kc1 Nc5 25. Qd2 Re5 26. Rd1 Rb8 27.
Qd4 Qb7 28. g3 h6 29. Qc4 Rc8 30. Ra3 Re3 31. Qd4 Qe7 32. Kb1 Rb8 33. Ka2 Re5
34. Rb1 Qb7 35. b4 Nd7 36. Rbb3 Nb6 37. b5 a5 38. Rxa5 Rc8 39. Ra6 Nxd5 40.
Rxd6 Nxc3+ 41. Rxc3 Rxc3 42. Qxe5 Rxc2+ 43. Kb3 Rf2 44. Rc6 Qa8 45. Kb4 Qa2 46.
Kc5 Qa7+ 47. Kb4 Rf1 48. Qe4 g6 49. b6 Qa6 50. Qc4 Rb1+ 51. Kc5 Qa3+ 52. Kd5
Rb4 53. Rc8+ Kh7 54. Qc5 Qa4 55. Rh8+ Kxh8 1/2-1/2

[Event "First Saturday 2008 szeptember GM"]
[Site "Budapest"]
[Date "2008.09.06"]
[Round "1"]
[White "Paschall, William M"]
[Black "Kislik, Erik Andrew"]
[Result "1-0"]
[WhiteElo "2330"]
[BlackElo "2302"]
[PlyCount "95"]
[EventDate "2008.09.06"]

1. Nf3 Nf6 2. c4 g6 3. Nc3 Bg7 4. d4 O-O 5. Bg5 d6 6. e3 c5 7. d5 b5 8. cxb5 a6
9. a4 Qa5 10. Nd2 Bf5 11. Ra3 Ne4 12. Ndxe4 Bxe4 13. f3 f6 14. Bf4 g5 15. Bg3
Bg6 16. h4 Qd8 17. h5 Bf5 18. h6 Bh8 19. Bf2 axb5 20. Bxb5 Na6 21. g4 Bd7 22.
e4 Nc7 23. Bc4 Bc8 24. Qd3 Ba6 25. Nb5 Qd7 26. O-O Rfb8 27. Rb1 Rb7 28. b4 cxb4
29. Rxb4 Bxb5 30. axb5 Rxa3 31. Qxa3 Qd8 32. b6 Na8 33. Ba6 Rxb6 34. Bxb6 Nxb6
35. Qa5 f5 36. Kg2 fxg4 37. Qxb6 gxf3+ 38. Kf1 Qxb6 39. Rxb6 Bd4 40. Rb3 Kf7
41. Rxf3+ Kg6 42. Bc8 Kxh6 43. Rh3+ Kg7 44. Kg2 h6 45. Kf3 Kg6 46. Kg4 Kf6 47.
Bf5 Kg7 48. Kh5 1-0

[Event "First Saturday 2008 szeptember GM"]
[Site "Budapest"]
[Date "2008.09.06"]
[Round "1"]
[White "Wittmann, Walter"]
[Black "Ilincic, Zlatko"]
[Result "0-1"]
[WhiteElo "2272"]
[BlackElo "2519"]
[PlyCount "66"]
[EventDate "2008.09.06"]

1. e4 e5 2. Nf3 Nf6 3. Nc3 Nc6 4. Bb5 Bb4 5. O-O Bxc3 6. bxc3 O-O 7. Bxc6 bxc6
8. Nxe5 Nxe4 9. Qf3 Ng5 10. Qg3 f6 11. d3 Ne6 12. Nf3 c5 13. Rb1 d6 14. Nh4 f5
15. f4 Bd7 16. Re1 Rb8 17. Rb3 c4 18. Rb4 a5 19. Rxb8 Qxb8 20. Ba3 Qb5 21. d4
Re8 22. Bc1 Bc6 23. Qf2 Be4 24. a3 Nf8 25. g4 fxg4 26. f5 Nd7 27. Bg5 h6 28. f6
Rf8 29. Rxe4 Qxg5 30. Re8 Nxf6 31. Rxf8+ Kxf8 32. Nf5 Ne4 33. Qf1 Nd2 0-1

[Event "First Saturday 2008 szeptember GM"]
[Site "Budapest"]
[Date "2008.09.07"]
[Round "2"]
[White "Farago, Ivan"]
[Black "Ilincic, Zlatko"]
[Result "1/2-1/2"]
[WhiteElo "2482"]
[BlackElo "2519"]
[PlyCount "24"]
[EventDate "2008.09.06"]

1. e4 e6 2. d4 d5 3. exd5 exd5 4. Nf3 Nf6 5. Bd3 Be7 6. O-O O-O 7. c3 Re8 8.
Re1 Bf8 9. Nbd2 Rxe1+ 10. Qxe1 Nc6 11. Nf1 Ne7 12. Ng3 Ng6 1/2-1/2

[Event "First Saturday 2008 szeptember GM"]
[Site "Budapest"]
[Date "2008.09.07"]
[Round "2"]
[White "Nguyen, Huynh M.H"]
[Black "Paschall, William M"]
[Result "1/2-1/2"]
[WhiteElo "2477"]
[BlackElo "2330"]
[PlyCount "89"]
[EventDate "2008.09.06"]

1. d4 e6 2. Nf3 Nf6 3. c4 b6 4. g3 Bb4+ 5. Bd2 a5 6. Bg2 Ba6 7. Qc2 O-O 8. a3
Bxd2+ 9. Nbxd2 d5 10. O-O c5 11. Rfe1 Nbd7 12. cxd5 exd5 13. e4 cxd4 14. Nxd4
Rc8 15. Qb1 dxe4 16. Nxe4 Nc5 17. Nxc5 Rxc5 18. b4 Rc3 19. Nc6 Qd2 20. Rd1 Qg5
21. bxa5 bxa5 22. Qb6 Be2 23. Re1 Bf3 24. Bxf3 Rxf3 25. Rad1 h5 26. Rd8 Rxd8
27. Qxd8+ Kh7 28. Ne5 Rxf2 29. Nxf7 Qc5 30. Qh8+ Kg6 31. Ne5+ Kf5 32. Nd3 Qc3
33. Kxf2 Qxd3 34. Qc8+ Kg6 35. Qc6 Qxa3 36. Qc2+ Kf7 37. Qc4+ Kg6 38. Kg1 Qb2
39. Qd3+ Kh6 40. Rb1 Qe5 41. Qd2+ Kh7 42. Re1 Qc5+ 43. Qe3 Qc2 44. Rc1 Qb2 45.
Re1 1/2-1/2

[Event "First Saturday 2008 szeptember GM"]
[Site "Budapest"]
[Date "2008.09.07"]
[Round "2"]
[White "Grafl, Florian"]
[Black "Szalanczy, Emil"]
[Result "1-0"]
[WhiteElo "2404"]
[BlackElo "2388"]
[PlyCount "59"]
[EventDate "2008.09.06"]

1. e4 c5 2. Nf3 d6 3. Bb5+ Nd7 4. d4 Ngf6 5. O-O cxd4 6. Qxd4 e5 7. Qd3 h6 8.
c4 Be7 9. Nc3 O-O 10. Bxd7 Bxd7 11. Rd1 a6 12. c5 dxc5 13. Bxh6 c4 14. Qe2 Qc7
15. Bg5 Be6 16. Nd2 b5 17. Bxf6 Bxf6 18. Nd5 Bxd5 19. exd5 g6 20. Ne4 Bg7 21.
d6 Qd7 22. Rd5 Rad8 23. Rad1 Rfe8 24. Qe3 f5 25. Nc5 Qf7 26. d7 Re7 27. Qd2 e4
28. Qa5 Qf8 29. Nb7 Rdxd7 30. Rxd7 1-0

[Event "First Saturday 2008 szeptember GM"]
[Site "Budapest"]
[Date "2008.09.07"]
[Round "2"]
[White "Berczes, David"]
[Black "Kosic, Dragan"]
[Result "1/2-1/2"]
[WhiteElo "2458"]
[BlackElo "2516"]
[PlyCount "31"]
[EventDate "2008.09.06"]

1. d4 e6 2. c4 Bb4+ 3. Nd2 c5 4. a3 Bxd2+ 5. Qxd2 cxd4 6. Nf3 Nf6 7. Nxd4 O-O
8. e3 d5 9. b3 dxc4 10. Bxc4 e5 11. Nf3 Qe7 12. a4 Qc7 13. Ba3 Rd8 14. Qb2 Nc6
15. Ng5 Rd7 16. f3 1/2-1/2

[Event "First Saturday 2008 szeptember GM"]
[Site "Budapest"]
[Date "2008.09.08"]
[Round "3"]
[White "Szalanczy, Emil"]
[Black "Berczes, David"]
[Result "0-1"]
[WhiteElo "2388"]
[BlackElo "2458"]
[PlyCount "84"]
[EventDate "2008.09.06"]

1. e4 e6 2. d4 d5 3. Nc3 Nf6 4. e5 Nfd7 5. f4 c5 6. Nf3 Nc6 7. Be3 Be7 8. Qd2
O-O 9. g3 Rb8 10. Bh3 b5 11. O-O b4 12. Ne2 Ba6 13. Rf2 Bxe2 14. Qxe2 cxd4 15.
Nxd4 Nxd4 16. Bxd4 Bc5 17. c3 bxc3 18. bxc3 g6 19. Raf1 Qe7 20. Qe3 Bb6 21. g4
f6 22. exf6 Nxf6 23. Qe5 Bc7 24. Qg5 Qg7 25. Qh4 Bb6 26. Bg2 Bxd4 27. cxd4 Ne4
28. Bxe4 dxe4 29. Re2 Qxd4+ 30. Qf2 Qxf2+ 31. Rfxf2 Rb4 32. Kg2 a5 33. Re3 Kg7
34. h4 h5 35. g5 Rf7 36. Kg3 Rc7 37. Rd2 Kf7 38. Rd8 Rb2 39. a3 Rcc2 40. f5 e5
41. fxg6+ Ke7 42. Rxe4 Rc3+ 0-1

[Event "First Saturday 2008 szeptember GM"]
[Site "Budapest"]
[Date "2008.09.08"]
[Round "3"]
[White "Paschall, William M"]
[Black "Grafl, Florian"]
[Result "1/2-1/2"]
[WhiteElo "2330"]
[BlackElo "2404"]
[PlyCount "70"]
[EventDate "2008.09.06"]

1. d4 f5 2. g3 Nf6 3. Bg2 e6 4. c4 Be7 5. Nf3 O-O 6. O-O d6 7. Nc3 Ne4 8. Qc2
Nxc3 9. bxc3 Nc6 10. e4 e5 11. dxe5 dxe5 12. Rd1 Qe8 13. Rd5 Be6 14. exf5 Bxf5
15. Qb3 Be4 16. Ng5 Bxg2 17. Kxg2 Qg6 18. Qb1 Rf5 19. Nh3 Raf8 20. f4 b6 21.
Be3 Bd6 22. Qe4 Ne7 23. Rd2 R5f6 24. Qxg6 Rxg6 25. fxe5 Bxe5 26. Rd7 Nc6 27.
Bd4 Rd6 28. Rxd6 Bxd6 29. Rb1 Na5 30. c5 bxc5 31. Bf2 Nc6 32. Ng5 Re8 33. Re1
Rxe1 34. Bxe1 Ne5 35. Ne4 Nd3 1/2-1/2

[Event "First Saturday 2008 szeptember GM"]
[Site "Budapest"]
[Date "2008.09.08"]
[Round "3"]
[White "Wittmann, Walter"]
[Black "Nguyen, Huynh M.H"]
[Result "0-1"]
[WhiteElo "2272"]
[BlackElo "2477"]
[PlyCount "84"]
[EventDate "2008.09.06"]

1. e4 c5 2. Nf3 d6 3. d4 cxd4 4. Nxd4 Nf6 5. Nc3 a6 6. a4 e5 7. Nf3 Be7 8. Bc4
O-O 9. O-O Be6 10. Qe2 Qc7 11. Bxe6 fxe6 12. a5 h6 13. Rd1 Nbd7 14. Be3 Rac8
15. h3 Qc6 16. Qd3 Nh5 17. Nd2 Nf4 18. Bxf4 Rxf4 19. Nb3 Nf8 20. f3 Rf7 21. g3
Nh7 22. h4 Nf6 23. Kg2 Ne8 24. Rd2 Bd8 25. Nd1 Bc7 26. Ne3 Bb8 27. c3 Ba7 28.
Nc2 Rd7 29. Nb4 Qc7 30. Qe2 Qd8 31. Rad1 Qf6 32. Nc2 Rf7 33. Ne3 Qg6 34. Nc4
Bb8 35. Nc1 Kh7 36. b3 Nf6 37. Nd3 Re8 38. Kh3 Ref8 39. Rf1 Nxe4 40. fxe4 Rxf1
41. Qg2 R1f3 42. Nb6 Bc7 0-1

[Event "First Saturday 2008 szeptember GM"]
[Site "Budapest"]
[Date "2008.09.08"]
[Round "3"]
[White "Ilincic, Zlatko"]
[Black "Kislik, Erik Andrew"]
[Result "1/2-1/2"]
[WhiteElo "2519"]
[BlackElo "2302"]
[PlyCount "44"]
[EventDate "2008.09.06"]

1. d4 Nf6 2. c4 g6 3. g3 Bg7 4. Bg2 O-O 5. Nc3 d6 6. Nf3 a6 7. O-O Nc6 8. d5
Na5 9. b3 c5 10. dxc6 Nxc6 11. Bb2 Qa5 12. Qc1 Bf5 13. Rd1 Rac8 14. Nd5 Nxd5
15. Bxg7 Kxg7 16. Rxd5 Qc7 17. c5 Rfd8 18. cxd6 Rxd6 19. Qc3+ Kg8 20. Rad1 Rxd5
21. Rxd5 Rd8 22. Rxd8+ Qxd8 1/2-1/2

[Event "First Saturday 2008 szeptember GM"]
[Site "Budapest"]
[Date "2008.09.09"]
[Round "4"]
[White "Farago, Ivan"]
[Black "Kislik, Erik Andrew"]
[Result "1-0"]
[WhiteElo "2482"]
[BlackElo "2302"]
[PlyCount "81"]
[EventDate "2008.09.06"]

1. d4 Nf6 2. c4 g6 3. Nc3 Bg7 4. e4 d6 5. Be2 O-O 6. Bg5 Na6 7. Qd2 e5 8. d5
Qe8 9. Bd1 Bd7 10. Nge2 Nc5 11. Bc2 a5 12. O-O h5 13. Rae1 Nh7 14. Be3 Qe7 15.
b3 Bf6 16. a3 Bg5 17. b4 axb4 18. axb4 Na4 19. Bxa4 Bxa4 20. b5 Bb3 21. Qd3 Ra5
22. Ra1 Rxa1 23. Rxa1 Bxe3 24. fxe3 Qg5 25. Rb1 Bxc4 26. Qxc4 Qxe3+ 27. Kh1 Nf6
28. h3 Kg7 29. Rf1 Qb6 30. Qd3 c6 31. dxc6 bxc6 32. Qxd6 Ne8 33. Qxc6 Qxc6 34.
bxc6 Nf6 35. Rb1 Rc8 36. Rb6 Kf8 37. c7 Nxe4 38. Nxe4 Rxc7 39. Ng1 Rc1 40. Kh2
Rc7 41. Ng5 1-0

[Event "First Saturday 2008 szeptember GM"]
[Site "Budapest"]
[Date "2008.09.09"]
[Round "4"]
[White "Nguyen, Huynh M.H"]
[Black "Ilincic, Zlatko"]
[Result "1/2-1/2"]
[WhiteElo "2477"]
[BlackElo "2519"]
[PlyCount "71"]
[EventDate "2008.09.06"]

1. d4 f5 2. g3 Nf6 3. Bg2 g6 4. Nh3 Bg7 5. Nf4 d6 6. d5 c6 7. Nc3 e5 8. dxe6 d5
9. Be3 g5 10. e7 Qxe7 11. Nd3 Ne4 12. Nb1 Na6 13. c3 c5 14. Qc1 h6 15. f3 Nf6
16. O-O O-O 17. Re1 Re8 18. Bf2 c4 19. Nb4 Nxb4 20. cxb4 Qxb4 21. Nc3 Be6 22.
Qc2 Qa5 23. a3 Rad8 24. Rad1 Nd7 25. e4 dxe4 26. fxe4 Nf6 27. Rxd8 Rxd8 28.
exf5 Bxf5 29. Qe2 Ng4 30. Qxc4+ Kh8 31. Bc5 Ne5 32. Qb5 Qxb5 33. Nxb5 b6 34.
Bd4 Nd3 35. Bxg7+ Kxg7 36. Rd1 1/2-1/2

[Event "First Saturday 2008 szeptember GM"]
[Site "Budapest"]
[Date "2008.09.09"]
[Round "4"]
[White "Grafl, Florian"]
[Black "Wittmann, Walter"]
[Result "0-1"]
[WhiteElo "2404"]
[BlackElo "2272"]
[PlyCount "88"]
[EventDate "2008.09.06"]

1. e4 c5 2. a3 e6 3. b4 d5 4. exd5 Qxd5 5. Nc3 Qd8 6. bxc5 Bxc5 7. Nf3 Nc6 8.
Bb5 Bd7 9. d4 Be7 10. O-O Nf6 11. Bd3 O-O 12. Rb1 b6 13. Qe2 Bc8 14. Ne4 Bb7
15. Rd1 Rc8 16. c4 Na5 17. d5 Nxe4 18. Qxe4 g6 19. Bb2 Bf6 20. Qf4 Bxb2 21.
Rxb2 exd5 22. cxd5 Qxd5 23. Qh6 Rc5 24. Rb4 Qh5 25. Qxh5 Rxh5 26. Be4 Rc8 27.
g4 Rhc5 28. Bxb7 Nxb7 29. Rd7 R5c7 30. Rbd4 Nc5 31. Rxc7 Rxc7 32. Rd8+ Kg7 33.
Kg2 Ne6 34. Ra8 g5 35. h4 h6 36. Kg3 Rc3 37. Rxa7 Nd4 38. hxg5 hxg5 39. Rb7
Rxf3+ 40. Kg2 Rb3 41. a4 Rb4 42. f3 Ne6 43. Kf2 Nc5 44. Rb8 Nxa4 0-1

[Event "First Saturday 2008 szeptember GM"]
[Site "Budapest"]
[Date "2008.09.09"]
[Round "4"]
[White "Kosic, Dragan"]
[Black "Szalanczy, Emil"]
[Result "1-0"]
[WhiteElo "2516"]
[BlackElo "2388"]
[PlyCount "51"]
[EventDate "2008.09.06"]

1. e4 c5 2. c3 d6 3. d4 Nf6 4. Bd3 g6 5. dxc5 dxc5 6. e5 c4 7. Qa4+ Bd7 8. Qxc4
Ng4 9. f4 Qb6 10. Qd4 Qxd4 11. cxd4 Nc6 12. Nc3 Nxd4 13. Nge2 Nc6 14. h3 Nh6
15. Be3 O-O-O 16. Be4 Nf5 17. Bf2 h5 18. O-O-O Bg7 19. Rd2 f6 20. exf6 Bxf6 21.
Nd5 Bg7 22. Bxa7 Nxa7 23. Nb6+ Kc7 24. Rxd7+ Rxd7 25. Nxd7 Kxd7 26. Rd1+ 1-0

[Event "First Saturday 2008 szeptember GM"]
[Site "Budapest"]
[Date "2008.09.10"]
[Round "5"]
[White "Szalanczy, Emil"]
[Black "Farago, Ivan"]
[Result "0-1"]
[WhiteElo "2388"]
[BlackElo "2482"]
[PlyCount "66"]
[EventDate "2008.09.06"]

1. e4 e6 2. d4 d5 3. Nc3 Bb4 4. e5 c5 5. a3 Bxc3+ 6. bxc3 Qa5 7. Bd2 Qa4 8. Qb1
c4 9. Nh3 Nc6 10. Be2 Bd7 11. O-O O-O-O 12. Qb2 f5 13. exf6 Nxf6 14. Bf4 h6 15.
Be3 g5 16. f3 Rde8 17. Rfb1 b6 18. Bf1 e5 19. Nf2 e4 20. Re1 exf3 21. gxf3 Bf5
22. Bh3 Bxh3 23. Nxh3 Ne7 24. Bf2 Qd7 25. Kg2 g4 26. fxg4 Qxg4+ 27. Bg3 Ne4 28.
Nf2 Nxf2 29. Kxf2 Rhf8+ 30. Kg1 Rf3 31. Kg2 Rg8 32. Rxe7 Rxg3+ 33. hxg3 Qxg3+
0-1

[Event "First Saturday 2008 szeptember GM"]
[Site "Budapest"]
[Date "2008.09.10"]
[Round "5"]
[White "Paschall, William M"]
[Black "Kosic, Dragan"]
[Result "1/2-1/2"]
[WhiteElo "2330"]
[BlackElo "2516"]
[PlyCount "30"]
[EventDate "2008.09.06"]

1. d4 e6 2. e4 d5 3. Nc3 dxe4 4. Nxe4 Nd7 5. Nf3 Ngf6 6. Bg5 h6 7. Nxf6+ Nxf6
8. Be3 a6 9. Bd3 b6 10. Qe2 Bb7 11. O-O-O Bd6 12. Kb1 Qe7 13. Ne5 c5 14. Nc4
Bc7 15. dxc5 bxc5 1/2-1/2

[Event "First Saturday 2008 szeptember GM"]
[Site "Budapest"]
[Date "2008.09.10"]
[Round "5"]
[White "Kislik, Erik Andrew"]
[Black "Nguyen, Huynh M.H"]
[Result "1-0"]
[WhiteElo "2302"]
[BlackElo "2477"]
[PlyCount "59"]
[EventDate "2008.09.06"]

1. e4 c5 2. Nf3 d6 3. d4 cxd4 4. Nxd4 Nf6 5. Nc3 a6 6. Be2 e5 7. Nb3 Be7 8. O-O
O-O 9. Be3 Be6 10. Nd5 Nbd7 11. Qd3 Rc8 12. c4 Bxd5 13. cxd5 Nc5 14. Nxc5 dxc5
15. Rac1 Bd6 16. Rc3 Qa5 17. Bg5 Qd8 18. Bg4 Rc7 19. Qh3 Be7 20. Bf5 g6 21. Qh6
Nh5 22. Bxe7 Qxe7 23. Rh3 f6 24. Rxh5 gxh5 25. f4 Kh8 26. Be6 Qg7 27. Qxh5 exf4
28. Rxf4 c4 29. d6 Rc6 30. Rg4 1-0

[Event "First Saturday 2008 szeptember GM"]
[Site "Budapest"]
[Date "2008.09.11"]
[Round "6"]
[White "Farago, Ivan"]
[Black "Nguyen, Huynh M.H"]
[Result "1/2-1/2"]
[WhiteElo "2482"]
[BlackElo "2477"]
[PlyCount "21"]
[EventDate "2008.09.06"]

1. d4 d5 2. c4 c6 3. Nf3 Nf6 4. Nc3 e6 5. Bg5 dxc4 6. e4 b5 7. e5 h6 8. Bh4 g5
9. exf6 gxh4 10. Ne5 Qxf6 11. a4 1/2-1/2

[Event "First Saturday 2008 szeptember GM"]
[Site "Budapest"]
[Date "2008.09.11"]
[Round "6"]
[White "Grafl, Florian"]
[Black "Kislik, Erik Andrew"]
[Result "1/2-1/2"]
[WhiteElo "2404"]
[BlackElo "2302"]
[PlyCount "48"]
[EventDate "2008.09.06"]

1. e4 c5 2. Nf3 d6 3. Nc3 Nf6 4. e5 dxe5 5. Nxe5 e6 6. Bb5+ Nbd7 7. d4 a6 8.
Bxd7+ Nxd7 9. Qf3 Nxe5 10. dxe5 Qc7 11. Bf4 Bd7 12. O-O-O Bc6 13. Qg3 b5 14.
Rhe1 Rd8 15. Rxd8+ Kxd8 16. Ne4 Bxe4 17. Rxe4 g6 18. Re1 Kc8 19. Rd1 Be7 20.
Qf3 Kb8 21. Be3 Rf8 22. Bh6 Rd8 23. Bd2 c4 24. Be3 Rxd1+ 1/2-1/2

[Event "First Saturday 2008 szeptember GM"]
[Site "Budapest"]
[Date "2008.09.11"]
[Round "6"]
[White "Kosic, Dragan"]
[Black "Wittmann, Walter"]
[Result "1-0"]
[WhiteElo "2516"]
[BlackElo "2272"]
[PlyCount "121"]
[EventDate "2008.09.06"]

1. d4 d5 2. c4 e6 3. Nf3 Nf6 4. Qc2 c6 5. Bg5 Nbd7 6. Nbd2 Qa5 7. Bxf6 Nxf6 8.
a3 Be7 9. g3 Ne4 10. Bg2 Nxd2 11. Nxd2 Bb4 12. Rc1 Bxd2+ 13. Qxd2 Qxd2+ 14.
Kxd2 Bd7 15. e4 dxe4 16. Bxe4 O-O-O 17. Ke3 Rhe8 18. f4 h6 19. Rhf1 Kc7 20. Bf3
Bc8 21. Rfd1 f6 22. Be4 g5 23. b4 b6 24. c5 b5 25. Ra1 a6 26. Rd2 Bb7 27. Rf2
Re7 28. Rd2 Bc8 29. Rf1 Rg8 30. Bc2 f5 31. Bb3 Rg6 32. Kd3 Rf7 33. Re2 Rff6 34.
Re5 Bd7 35. a4 Bc8 36. axb5 axb5 37. Re2 Rg7 38. Ra2 Rgg6 39. Ra8 Rg7 40. Ke3
h5 41. fxg5 Rxg5 42. Rf4 Rh6 43. Bd1 h4 44. Rxh4 Rxh4 45. gxh4 Rg2 46. Bf3 Rxh2
47. h5 Rh4 48. Ra1 e5 49. dxe5 Be6 50. Rh1 Rxb4 51. h6 f4+ 52. Kd2 Rd4+ 53. Ke2
Bc4+ 54. Kf2 Rd8 55. h7 Rh8 56. Be4 b4 57. Kf3 b3 58. Kxf4 Bd5 59. Bxd5 cxd5
60. Kg5 b2 61. Kg6 1-0

[Event "First Saturday 2008 szeptember GM"]
[Site "Budapest"]
[Date "2008.09.11"]
[Round "6"]
[White "Szalanczy, Emil"]
[Black "Paschall, William M"]
[Result "1/2-1/2"]
[WhiteElo "2388"]
[BlackElo "2330"]
[PlyCount "20"]
[EventDate "2008.09.06"]

1. e4 c5 2. Nf3 Nc6 3. d4 cxd4 4. Nxd4 Nf6 5. Nc3 d6 6. Be3 Ng4 7. Bg5 Qb6 8.
Bb5 Bd7 9. O-O Nxf2 10. Rxf2 Qxd4 1/2-1/2

[Event "First Saturday 2008 szeptember GM"]
[Site "Budapest"]
[Date "2008.09.12"]
[Round "7"]
[White "Paschall, William M"]
[Black "Farago, Ivan"]
[Result "1/2-1/2"]
[WhiteElo "2330"]
[BlackElo "2482"]
[PlyCount "20"]
[EventDate "2008.09.06"]

1. Nf3 Nf6 2. c4 b6 3. g3 Bb7 4. Bg2 e6 5. O-O Be7 6. Nc3 O-O 7. d4 Ne4 8. Bd2
d5 9. cxd5 exd5 10. Rc1 Na6 1/2-1/2

[Event "First Saturday 2008 szeptember GM"]
[Site "Budapest"]
[Date "2008.09.12"]
[Round "7"]
[White "Wittmann, Walter"]
[Black "Szalanczy, Emil"]
[Result "0-1"]
[WhiteElo "2272"]
[BlackElo "2388"]
[PlyCount "96"]
[EventDate "2008.09.06"]

1. e4 c5 2. Nf3 d6 3. Nc3 Nf6 4. e5 dxe5 5. Nxe5 Nbd7 6. d4 Nxe5 7. dxe5 Qxd1+
8. Kxd1 Ng4 9. Bb5+ Bd7 10. Bxd7+ Kxd7 11. Re1 Kc6 12. Re2 h5 13. e6 Rd8+ 14.
Ke1 f6 15. a4 g5 16. Nb5 a6 17. Na3 Nxh2 18. Nc4 Rd4 19. b3 h4 20. Be3 h3 21.
f4 Rd5 22. Na5+ Kc7 23. fxg5 fxg5 24. Bf2 hxg2 25. Bg3+ Kb6 26. Nc4+ Ka7 27.
Rxg2 Bg7 28. Rb1 Nf3+ 29. Kf2 Rf8 30. Ke3 b5 31. axb5 axb5 32. c3 Bxc3 33. Ra2+
Kb7 34. Na5+ Bxa5 35. Rxa5 Nd4 36. Ke4 Rdd8 37. Rba1 Ra8 38. Rxa8 Rxa8 39. Rxa8
Kxa8 40. Kd5 Kb7 41. b4 Nf5 42. Be1 c4 43. Ke5 Ng7 44. Ke4 g4 45. Ke5 Kc6 46.
Bh4 c3 47. Bxe7 g3 48. Bg5 g2 0-1

[Event "First Saturday 2008 szeptember GM"]
[Site "Budapest"]
[Date "2008.09.12"]
[Round "7"]
[White "Ilincic, Zlatko"]
[Black "Kosic, Dragan"]
[Result "1/2-1/2"]
[WhiteElo "2519"]
[BlackElo "2516"]
[PlyCount "30"]
[EventDate "2008.09.06"]

1. e4 e6 2. d4 d5 3. exd5 exd5 4. Nf3 Bd6 5. Bd3 Ne7 6. Nbd2 Nbc6 7. c3 Bg4 8.
Nf1 Qd7 9. Ng3 Nf5 10. Nxf5 Bxf5 11. Bxf5 Qxf5 12. Qe2+ Qe6 13. Qxe6+ fxe6 14.
O-O O-O 15. Re1 Rae8 1/2-1/2

[Event "First Saturday 2008 szeptember GM"]
[Site "Budapest"]
[Date "2008.09.12"]
[Round "7"]
[White "Kislik, Erik Andrew"]
[Black "Berczes, David"]
[Result "1/2-1/2"]
[WhiteElo "2302"]
[BlackElo "2458"]
[PlyCount "36"]
[EventDate "2008.09.06"]

1. e4 e6 2. d4 d5 3. Nc3 Nf6 4. e5 Nfd7 5. f4 c5 6. Nf3 Nc6 7. Be3 Be7 8. Qd2
O-O 9. Be2 b6 10. O-O f6 11. Bb5 Bb7 12. Ne2 a6 13. Bxc6 Bxc6 14. Rf2 Bb7 15.
c3 a5 16. Re1 Rc8 17. Qd3 Qc7 18. Ng3 f5 1/2-1/2

[Event "First Saturday 2008 szeptember GM"]
[Site "Budapest"]
[Date "2008.09.13"]
[Round "8"]
[White "Farago, Ivan"]
[Black "Grafl, Florian"]
[Result "1/2-1/2"]
[WhiteElo "2482"]
[BlackElo "2404"]
[PlyCount "49"]
[EventDate "2008.09.06"]

1. d4 f5 2. g3 Nf6 3. Bg2 g6 4. c4 Bg7 5. Nc3 O-O 6. Nf3 d6 7. O-O Na6 8. Rb1
c6 9. b4 Nc7 10. b5 Ne4 11. Bb2 Nxc3 12. Bxc3 cxb5 13. cxb5 Be6 14. a4 Qd7 15.
Qd3 Rac8 16. Rbc1 Bd5 17. Bb2 Kh8 18. e3 Be4 19. Qb3 Qe6 20. Qxe6 Nxe6 21. Nd2
Bxg2 22. Kxg2 Nc7 23. Kf3 Nd5 24. Ke2 Kg8 25. Nc4 1/2-1/2

[Event "First Saturday 2008 szeptember GM"]
[Site "Budapest"]
[Date "2008.09.13"]
[Round "8"]
[White "Berczes, David"]
[Black "Nguyen, Huynh M.H"]
[Result "1-0"]
[WhiteElo "2458"]
[BlackElo "2477"]
[PlyCount "69"]
[EventDate "2008.09.06"]

1. d4 d5 2. c4 c6 3. Nf3 Nf6 4. Nc3 e6 5. Bg5 Nbd7 6. e3 Qa5 7. Nd2 Bb4 8. Qc2
O-O 9. Be2 c5 10. O-O cxd4 11. Nb3 Qb6 12. exd4 Bxc3 13. bxc3 dxc4 14. Bxc4 Qc7
15. Qe2 Ne4 16. Qxe4 Qxc4 17. Nd2 Qxc3 18. Rac1 Qa5 19. Qg4 Qf5 20. Qxf5 exf5
21. Nc4 Nb6 22. Nxb6 axb6 23. d5 h6 24. Be7 Re8 25. Rc7 Rxa2 26. Rd1 f4 27. d6
Bg4 28. d7 Bxd7 29. Rcxd7 Re2 30. Bb4 Rb2 31. Bc3 Rc2 32. Be1 f3 33. gxf3 Re6
34. Bd2 Rf6 35. f4 1-0

[Event "First Saturday 2008 szeptember GM"]
[Site "Budapest"]
[Date "2008.09.13"]
[Round "8"]
[White "Kosic, Dragan"]
[Black "Kislik, Erik Andrew"]
[Result "1-0"]
[WhiteElo "2516"]
[BlackElo "2302"]
[PlyCount "103"]
[EventDate "2008.09.06"]

1. d4 Nf6 2. Nf3 g6 3. Bg5 Bg7 4. Nbd2 d5 5. e3 O-O 6. Be2 c5 7. c3 b6 8. Ne5
Nfd7 9. Nef3 Nf6 10. O-O Nc6 11. Bb5 Bb7 12. Qa4 Qc8 13. Ne5 Nxe5 14. dxe5 a6
15. Be2 Nd7 16. Bxe7 Re8 17. Qh4 Nxe5 18. Bf6 Qc6 19. Bxg7 Kxg7 20. Qg3 Rad8
21. Rac1 b5 22. b4 c4 23. Nf3 Nxf3+ 24. Bxf3 Bc8 25. Rfd1 Bf5 26. Rd4 Bd3 27.
Qg5 f5 28. h4 h6 29. Qf4 Rd7 30. Rd1 Red8 31. Rd2 Qf6 32. Qg3 Kh7 33. a4 a5 34.
bxa5 bxa4 35. Ra2 Qc6 36. h5 gxh5 37. Kh2 Be4 38. Qe5 Qg6 39. Qg3 Qxg3+ 40.
Kxg3 f4+ 41. Kxf4 Rf7+ 42. Kg3 Rg8+ 43. Kh2 Bxf3 44. gxf3 Rfg7 45. Rd1 Rg2+ 46.
Kh3 R2g6 47. Rxa4 Rf6 48. f4 d4 49. Rxd4 Rg1 50. Rd7+ Kg6 51. a6 Kf5 52. a7 1-0

[Event "First Saturday 2008 szeptember GM"]
[Site "Budapest"]
[Date "2008.09.13"]
[Round "8"]
[White "Szalanczy, Emil"]
[Black "Ilincic, Zlatko"]
[Result "0-1"]
[WhiteElo "2388"]
[BlackElo "2519"]
[PlyCount "70"]
[EventDate "2008.09.06"]

1. e4 c5 2. Nf3 d6 3. d4 cxd4 4. Nxd4 Nf6 5. Nc3 a6 6. Be3 e6 7. g4 h6 8. h3
Nc6 9. Bg2 g5 10. Qe2 Ne5 11. Rd1 Qc7 12. O-O Be7 13. Nf3 b5 14. Rd4 Bb7 15. a4
Nc6 16. axb5 Nxd4 17. Nxd4 Nd7 18. Ra1 axb5 19. Rxa8+ Bxa8 20. Ndxb5 Qa5 21. b4
Qxb4 22. Nc7+ Kf8 23. Qa6 Bb7 24. Qa7 Kg7 25. e5 Rb8 26. exd6 Bxd6 27. Bd4+ Kf8
28. N7b5 Bc5 29. Bxc5+ Qxc5 30. Qa4 Bxg2 31. Kxg2 Ne5 32. Qa6 Ng6 33. Kf3 Nf4
34. h4 Nd5 35. Ke2 Rxb5 0-1